| 000 | 01601nam a2200325 i 4500 | ||
|---|---|---|---|
| 003 | DO-SdBNP | ||
| 005 | 20250624141818.0 | ||
| 007 | ta | ||
| 008 | 250624b2025 dr ||||| |||| 00| 0 spa d | ||
| 020 | _a9789945292435 | ||
| 040 |
_aDO-SdBNP _bspa _cBNPHU _erda |
||
| 041 | _aspa | ||
| 082 | 4 |
_axxx _bO34a _222 |
|
| 100 | 1 |
_aOgando Báez, Joel, _d1994- _eautor _4aut. _988176 |
|
| 245 | 1 | 3 |
_aEl alma desnuda / _cJoel Ogando Báez ; prólogo, Radys Vargas, Ramona Díaz ; asesora, Karla Alejandra Serrano ; corrección , Rut Vera ; portada, Gabriela Ramos ; diagramación, Rafael Johnson ; colaborador, Tiffany Feliz, Wilson Joel López diseñadora gráfica, Elianny Alcántara. |
| 264 | 4 |
_aSanto Domingo : _bVientos de lluvias, _c©2025. |
|
| 300 |
_a186 páginas ; _c23 cm. |
||
| 336 |
_atexto _btxt _2rdacontent |
||
| 337 |
_asin mediación _bn _2rdamedia |
||
| 338 |
_avolumen _bnc _2rdacarrier |
||
| 490 | 4 |
_aColección vientos de lluvias ; _v12 |
|
| 500 | _aSolo expuestos a la luz de Dios, encontramos plenitud | ||
| 500 | _aIncluye datos biográficos del autor en la página 186 | ||
| 505 | _aAgradecimiento especial --Bendición especial -- Reconocimiento especial -- Menciones especiales --Prólogos -- Introducción -- Alma desnudez -- Venciendo al gigante en mí -- Mi amiga la sabiduría -- Aprendiendo a ser humano -- En el valle de las sombras -- Bendiciones -- Colaboradores -- Acerca del autor. | ||
| 590 | _aInventariado, 2025 /LP | ||
| 700 | 1 |
_aVargas, Radys, _eprologuista _4pr. _988177 |
|
| 700 | 1 |
_aDíaz, Ramona, _eprologuista _4pr. _988178 |
|
| 910 | _aLP | ||
| 942 |
_2ddc _cLBS1 |
||
| 999 |
_c59061 _d59061 |
||